Build complicated flags - Tile Select - Statistics

General Stats
  • This quiz has been taken 8 times
  • The average score is 28 of 45
Answer Stats
Question Tile Select % Correct
things featured on the flag of Serbia Star No
100%
things featured on the flag of Mozambique The Colour Red Yes
100%
things featured on the flag of Serbia The Colour White Yes
100%
things featured on the flag of Spain Castle Yes
88%
things featured on the flag of Mozambique Crescent No
88%
things featured on the flag of Mozambique Hand No
88%
things featured on the flag of Zimbabwe Human No
88%
things featured on the flag of Serbia Leaves No
88%
things featured on the flag of Mozambique Sun No
88%
things featured on the flag of Zimbabwe The Colour Green Yes
88%
things featured on the flag of Serbia The Colour Green No
88%
things featured on the flag of Spain The Colour Red Yes
88%
things featured on the flag of Zimbabwe The Colour Yellow Yes
88%
things featured on the flag of Zimbabwe Tiger No
88%
things featured on the flag of Serbia Crown Yes
75%
things featured on the flag of Belize Humans Yes
75%
things featured on the flag of Spain Pillars Yes
75%
things featured on the flag of Mozambique Rifle Yes
75%
things featured on the flag of Serbia Sword No
75%
things featured on the flag of Zimbabwe The Colour Blue No
75%
things featured on the flag of Belize The Colour Red Yes
75%
things featured on the flag of Belize Tree Yes
75%
things featured on the flag of Spain Four Crowns Yes
63%
things featured on the flag of Belize Horse No
63%
things featured on the flag of Serbia One Headed Eagle No
63%
things featured on the flag of Zimbabwe Shield No
63%
things featured on the flag of Mozambique Star Yes
63%
things featured on the flag of Belize Sun No
63%
things featured on the flag of Belize Bird No
50%
things featured on the flag of Zimbabwe Bird Statuette Yes
50%
things featured on the flag of Serbia Cross Yes
50%
things featured on the flag of Mozambique Hammer No
50%
things featured on the flag of Spain Lion Yes
50%
things featured on the flag of Spain The Colour Pink Yes
50%
things featured on the flag of Mozambique The Colour White Yes
50%
things featured on the flag of Zimbabwe Spear No
38%
things featured on the flag of Serbia Two Headed Eagle Yes
38%
things featured on the flag of Spain Letters Yes
25%
things featured on the flag of Zimbabwe Star Yes
25%
things featured on the flag of Belize The Colour Green Yes
25%
things featured on the flag of Belize Axe Yes
13%
things featured on the flag of Mozambique Book Yes
13%
things featured on the flag of Spain Chain Yes
13%
things featured on the flag of Belize Ship Yes
13%
things featured on the flag of Spain Leaves Yes
0%
No matching quizzes found
Score Distribution
Percent of People with Each Score
Percentile by Number Answered
Your Score History
You have not taken this quiz